Incoterms 2000 pravidlá MOK na výklad obchodných podmienok : ICC official rules for the interpretation of trade terms

Gespeichert in:
Bibliographische Detailangaben
Weitere Verfasser: Gunda, Vladimír
Format: Buch
Sprache:Slowakisch
Englisch
Veröffentlicht: Bratislava Slovenská obchodná a priemyselná komora 1999
Schlagworte:
Tags: Tag hinzufügen
Keine Tags, Fügen Sie das erste Tag hinzu!

MARC

LEADER 00000nam a2200000 4500
001 c117497
005 20240104101402.1
020 |a 80-85588-79-X 
041 0 |a slo 
041 0 |a eng 
044 |a SK 
245 1 0 |a Incoterms 2000  |b pravidlá MOK na výklad obchodných podmienok : ICC official rules for the interpretation of trade terms  |c [preklad: Vladimír Gunda] 
264 1 |a Bratislava  |b Slovenská obchodná a priemyselná komora  |c 1999 
300 |a 166 s. 
610 2 0 |a obchod medzinárodný 
610 2 0 |a doprava 
610 2 0 |a styk platobný 
610 2 0 |a komunikácia 
610 2 0 |a elektronika 
610 2 0 |a prenos dát 
610 2 0 |a obchod zahraničný 
610 2 0 |a zvyklosti obchodné 
610 2 0 |a konflikty 
610 2 0 |a podmienky obchodné 
610 2 0 |a zmluvy kúpne 
610 2 0 |a vývoz 
610 2 0 |a dovoz 
610 2 0 |a preprava 
610 2 0 |a tovar 
610 2 0 |a clá 
610 2 0 |a náklady 
610 2 0 |a poistenie 
610 2 0 |a vzťahy obchodné záväzkové 
610 2 0 |a vzťahy dodávateľsko-odberateľské 
610 2 0 |a právo obchodné 
610 2 0 |a právo zmluvné 
700 1 |a Gunda, Vladimír